Pohľadnica z tohtoročného Memoriálu lesníkov Slovenska... a o rok päťdesiatka!

Bibliographic Details
Main Author: Šturcel, Marián, 1951- (Author)
Format: Article
Language:Slovak
PhysicalDescription:Fotogr. 2
ISSN:0323-0996
Subjects:

MARC

LEADER 00000nab a2200000 a 4500
001 vtls000583144
003 SK-MaSNL
005 20260304173340.0
008 250526c1996 xo 0 slo
015 |a SNBRB19rr/mm-uuuuu 
035 |a CL0583283 
035 |a urn:nbn:sk:snk-ab2anl 
035 |a (urnnbn)urn:nbn:sk:snk:ar-a0215v 
035 |a (uuid)a20f6098-1fc1-48da-961b-0328cb5f4851 
040 |a SNKBUCL  |b slo  |c SNKBUCL  |e AACR2 
041 0 |a slo 
044 |a xo  |c SK 
080 |a 796.92.093:630-051  |2 1981 
080 |a 630-051  |2 1981 
100 1 |a Šturcel, Marián,  |d 1951-  |4 aut 
245 1 0 |a Pohľadnica z tohtoročného Memoriálu lesníkov Slovenska... a o rok päťdesiatka!  |c Marián Šturcel 
300 |b Fotogr. 2 
650 0 7 |a lyžovanie  |2 snkbucl  |9 3256 
650 0 7 |a Memoriál lesníkov Slovenska, 1996  |2 snkbucl  |9 1503718 
655 7 |a články z novín a časopisov  |2 snkbucl  |9 267496 
773 0 |t Les  |g Roč. 52, č. 4 (1996), s. 22  |x 0323-0996 
850 |a Slovenská národná knižnica 
852 |a Slovenská národná knižnica 
954 |a odborná, vedecká literatúra pôvodná (slovenská)  |2 lita 
958 |a ONDV 
958 |a article2022 
958 |a RK 
958 |a SK 
992 |a RBX 
999 |c 3002821  |d 3004751